000 01043nam a22003257a 4500
001 BR7000614
003 BR-BrBNA
005 20230928083615.0
007 ta
008 230509b bl.||||| |||| 00| 0 por d
040 _aBR-BrBNA
_bpor
_cBiblioteca Nacional de Agricultura
041 _a(Por)
072 _aF60; F25; F21
_b3920
_b/G514
090 _ 3920 BR7000614
110 1 _aInstituto de Pesquisa Agropecuaria do Centro-Sul, Itaguai, RJ (Brasil)
_96077
111 1 _a5. Reuniao Latino Americana de Rhizobium
_cRio de Janeiro, GB (Brazil)
_d22 Jul 1970
245 1 _aAnais da 5. Reuniao Latino Americana de Rhizobium [Estirpe; Inoculacao; Simbiose; Ph; Solo; Bioquimica do solo; Rhizobium sp; Brasil]
260 3 _aItaguai, RJ (Brasil):
_c1970.
300 _a354 p.
650 _aBIOLOGIA DO SOLO
650 _aRHIZOBIUM
650 _aESTIRPE
650 _aINOCULACAO
650 _aNODULO
650 _aSIMBIOSE
650 _aBIOQUIMICA DO SOLO
650 _aSOLO
909 _a202309
_bLucia
_c55
_dLucia Elande
942 _cBK
999 _c14435
_d14435